000 00622nam a2200169Ia 4500
008 090711s9999 xx 000 0 und d
082 _b78160
100 _aबोरकर प्रमिला
245 _aसर्वगुण संपन्नमाला -शिस्त.
260 _c1994
300 _a46+40+38
600 _aबोरकर प्रमिला
630 _aसर्वगुण संपन्नमाला -शिस्त.
700 _aबोरकर प्रमिला
730 _aसर्वगुण संपन्नमाला -शिस्त.
942 _cBOOK
999 _c328013
_d328013